| 000 | 00624cam a2200193 a 4500 | ||
|---|---|---|---|
| 001 | 000005988 | ||
| 005 | 20200929151855.0 | ||
| 008 | 880823s1986 ck 001 p spa | ||
| 020 | _z95890750405 | ||
| 040 |
_aDO-SdBNP _cDLC _dDLC |
||
| 082 |
_aC861.44 _bC355j |
||
| 100 | 1 |
_aCastro Saavedra, Carlos. _d1924-1989 _916875 |
|
| 245 | 1 | 0 |
_aJugando con el gato / _cCarlos Castro Saavedra. |
| 260 |
_aMedellín : _bBiblioteca Pública Piloto de Medellín, _c1986. |
||
| 300 |
_a203 p. ; _c20 cm. |
||
| 650 | 4 |
_aPoesía colombiana _93742 |
|
| 650 | 4 |
_aLiteratura colombiana _ySIGLO XX _914409 |
|
| 910 | _aCatalogación por copia / LC | ||
| 999 |
_c5784 _d5784 |
||